Alambrando el bien común: conocimiento, educación y derechos sociales en los procesos de privatización y mercantilización de las últimas décadas /
Para el autor el horizonte de integración e igualdad que caracterizaba a ciertos asuntos públicos se ha debilitado. Lo social aparece atomizado y pensar en algo del orden de lo común resulta cada vez más difícil. Areas que hasta hace no mucho tiempo eran consideradas centrales para el interés y el b...
Uloženo v:
| Hlavní autor: | |
|---|---|
| Médium: | Text |
| Témata: | |
| Tagy: |
Přidat tag
Žádné tagy, Buďte první, kdo vytvoří štítek k tomuto záznamu!
|
MARC
| LEADER | 00000 a a2200000 04500 | ||
|---|---|---|---|
| 001 | 43446 | ||
| 003 | |||
| 040 | |||
| 100 | |a Saforcada, Fernanda | ||
| 245 | |a Alambrando el bien común: |b conocimiento, educación y derechos sociales en los procesos de privatización y mercantilización de las últimas décadas / |c Fernanda Saforcada | ||
| 520 | |a Para el autor el horizonte de integración e igualdad que caracterizaba a ciertos asuntos públicos se ha debilitado. Lo social aparece atomizado y pensar en algo del orden de lo común resulta cada vez más difícil. Areas que hasta hace no mucho tiempo eran consideradas centrales para el interés y el bien común sufren acelerados procesos de privatización. El autor se adentra en la reflexión de los procesos de privatización de los derechos sociales donde el conocimiento no es la excepción, al igual que los productos artísticos y culturales, afectados en el mismo sentido con la expansión de los derechos de propiedad intelectual y de patentes para la comercialización. | ||
| 590 | |a RRA/JULIO2012 | ||
| 650 | |a 1.LIBERALIZACION ECONOMICA | ||
| 650 | |a 2.LIBRE COMERCIO | ||
| 650 | |a 3.PRIVATIZACION | ||
| 650 | |a 4.CONSECUENCIAS SOCIALES | ||
| 650 | |a 5.SERVICIOS SOCIALES | ||
| 650 | |a 6.AMERICA LATINA | ||
| 773 | |g páginas 363-399 | ||
| 999 | |c 28722 |d 28722 | ||
